Statistics for Which search engines do you use?

Click here to take the quiz!

General Stats

  • This quiz has been taken 12 times
  • The average score is 7 of 10

Answer Stats

Answer% Correct
Google
100%
Ecosia
80%
AOL
70%
Ask
70%
Internet archive
70%
Microsoft Bing
70%
Yahoo
70%
Baidu
60%
Duckduckgo
60%
Yandex
60%

Score Distribution

Percentile by Number Answered

Percent of People with Each Score

Your Score History

You have not taken this quiz